แสดงรายละเอียดบรรณานุกรม
  กลับหน้าหลัก

Brief Record : Get Marc (ISO 2709) : E-mail record : QR code ปิดหน้าต่าง
E-books : เกี่ยวกับ Collections
LEADER 00000nam 2200000uu 4500
001    214489
003     ULIBM
008    020711s2568 th a 000 0 tha d
020    ^a9786166263923
040    ^abcnkk
041    ^atha^beng
060  4 ^aWA105 บ452ร 2568
100    ^aบุญเตือน วัฒนกุล
245    ^aระบาดวิทยา : การประยุกต์แนวคิด หลักการและวิธีการสู่การปฏิบัติการพยาบาล=^bApplication of concepts, principles and methods into nursing practices/^cบุญเตือน วัฒนกุล
246 31 ^aApplication of concepts, principles and methods into nursing practices
260    ^aเชียงใหม่ :^bวนิดาการพิมพ์ เชียงใหม่,^c2568.
300    ^aviii,154 หน้า :^bภาพประกอบ ;^c25 ซม.
650  4 ^aระบาดวิทยา
650  4 ^aวิทยาการระบาด
710 2  ^aสถาบันการจัดการปัญญาภิวัฒน์.^bคณะพยาบาลศาสตร์
999    ^aใช้งานได้ทุกระบบ
รายการนี้ยังไม่มีแท็ก
คุณยังไม่ได้ล็อกอิน คุณสามารถมีกิจกรรมร่วมกับเว็บไซต์ได้ แต่ต้องล็อกอินก่อน ::
  ล็อกอิน
ลำดับที่ ประเภท เลขเรียก สถานที่ สถานะ
1. การพยาบาล (ตำราหลัก)
การพยาบาล (ตำราหลัก)
WA105 บ452ร 2568 ฉ.1 
  
การพยาบาลชุมชน On Shelf
  ขอยืม
   [แสดง 1/1 รายการ]

รายการใกล้เคียง
    หัวเรื่อง [ระบาดวิทยา]

BibComment


ยังไม่เคยถูกคอมเมนท์

คอมเมนท์ทรัพยากรรายการนี้
  คอมเมนท์: ระบาดวิทยา การป..
Bib 214489

 
 
 

 Union Library Management : ULibM
Copyright 2026. All Rights Reserved.
скачать бесплатно без регистрации порно красивый секс HD Sex Hindi sex

xxx gou

xxxx

bfxxx

xxxwww

Секса Видео

xxxx

Секса Видео

detube

geilexxx

C99 Shell

worms shell

blod xxx video
Ebony Coed Rihanna Rimes Takes A Dick In Her Young Twat priyaa indian fuck anal and pusssy hardcore indian women xxx desi hardcore fucking part 1 bengalixxxcouple